Saudi Arabia or the Ku Klux Klan? - Statistics

General Stats
  • This quiz has been taken 112 times
  • The average score is 7 of 10
Answer Stats
Question Answer % Correct
Have a prejudice against members of the LGBTQ community. Both
84%
Most common form of execution is beheading. Saudi Arabia
79%
Had a higher population in 1920 Ku Klux Klan
75%
Has religious symbolism in their flag. Both
74%
Has had women rule the party in some way. Ku Klux Klan
73%
Has existed longer. Ku Klux Klan
72%
Is in support of or practices slavery. Both
57%
Oppresses or has prejudices against Catholics. Both
54%
A special form of robe and a mask is the most common clothing worn by the leader. Ku Klux Klan
52%
Was formed after a civil war Ku Klux Klan
40%
No matching quizzes found
Score Distribution
Percent of People with Each Score
Percentile by Number Answered
Your Score History
You have not taken this quiz